000 01096nam a2200277 a 4500
999 _c331085
_d331085
001 4885201
003 NUST
005 20170911121339.0
008 921005s1991 pk a b 000 0 eng
010 _a 92930392
040 _aDLC
_cDLC
043 _aa-pk---
050 0 0 _aDS392.C48
_bA84 1991
082 _a954.916
_bNAQ
100 1 _aNaqvi, Dursameen
_94527
245 1 0 _aCholistan :
_btareekh kay aainy mein /
_cby Dursameen Naqvi.
260 _aMultan:
_bSohni Dharti publishers
_c2003
300 _a232 p. :
_bill. (chiefly col.) ;
_c25 cm.
504 _aIncludes bibliographical references
520 _aOn the history, archaeology and culture of Cholistan, a desert in Bahawalpur Division, Pakistan.
651 0 _aCholistan Desert (Pakistan)
_xHistory.
_94528
651 0 _aCholistan Desert (Pakistan)
_xAntiquities.
_94529
880 _6100-01\(3\r
_aدرثمین نقوی
880 _6245-02\(3\r
_aچولستان:
_bتاریخ کے آئینے میں
_cدرثمین نقوی
880 _6260-03\(3\r
_aملتان:
_bسوہنی دھرتی پبلشرز،
_c2003
906 _a7
_bcbc
_corignew
_d3
_encip
_f19
_gy-gencatlg
942 _2ddc
_cBK